000 00889nam a2200253Ia 4500
003 OSt
005 20220923215045.0
006 a|||||r|||| 00| 0
007 ta
008 220922b |||||||| |||| 00| 0 hin d
024 _a175,240
037 _cTextual
040 _aARTS
_cARTS
_bhin
041 _2hin
_ahin
082 _aO152,1:g, K2
100 _aअवतरे, शंकरदेव
_9156279
245 0 _aहिन्दी साहित्य में काव्यरूपों के प्रयोग
246 _aHindī sāhitya mean kāvyarūpoan ke prayoga
260 _aदिल्ली
_b राजपाल एंड संस
_c1962
300 _a361पृ.
_ccm.
650 _aहिन्दी साहित्य
_9156264
942 _hO152,1:g, K2
_cTEXL
_2CC
999 _c328944
_d328944